Alle Autobahnkreuze der A42 - Statistiken

Allgemein
  • Dieses Quiz wurde 51 mal gespielt
  • Das Durchschnittsergebnis liegt bei 4 aus 6
Antwortstatistiken
Autobahn Name % Korrekt
A42+A43 Herne
85%
A42+A516 Oberhausen-Zentrum
80%
A42+A57 Kamp-Lintfort
66%
A42+A59 Duisburg-Nord
56%
A42+A3 Oberhausen-West
51%
A42+A45 Castrop-Rauxel-Ost
49%
Keine übereinstimmenden Quizze gefunden
Verteilung der Resultate
Anzahl Personen mit jedem Resultat
Perzentil nach korrekt beantworteten Fragen
Ihre Resultats-Entwicklung
Sie haben dieses Quiz noch nicht gespielt